IFM Opac

From Versailles To Wall Street 1919-1929 (Record no. 20361)

MARC details
000 -LEADER
fixed length control field 00383nam a22001457a 4500
020 ## - INTERNATIONAL STANDARD BOOK NUMBER
International Standard Book Number 0 7139 1023 2
082 ## - DEWEY DECIMAL CLASSIFICATION NUMBER
Classification number 940.51ALD
100 ## - MAIN ENTRY--PERSONAL NAME
Personal name Aldcroft, Derek
9 (RLIN) 7359
245 ## - TITLE STATEMENT
Title From Versailles To Wall Street 1919-1929
260 ## - PUBLICATION, DISTRIBUTION, ETC.
Place of publication, distribution, etc. London
Name of publisher, distributor, etc. Allen Lane Penguin Books Ltd
Date of publication, distribution, etc. 1977
300 ## - PHYSICAL DESCRIPTION
Extent xi, 372p
500 ## - GENERAL NOTE
General note Index and bibliography
650 ## - SUBJECT ADDED ENTRY--TOPICAL TERM
Topical term or geographic name entry element Versailles
9 (RLIN) 7360
942 ## - ADDED ENTRY ELEMENTS (KOHA)
Koha item type Books
Holdings
Withdrawn status Lost status Damaged status Not for loan Collection code Home library Current library Shelving location Date acquired Source of acquisition Total Checkouts Full call number Barcode Date last seen Price effective from Koha item type
        Non-fiction IFM Main Campus Library IFM Main Campus Library Archival Collection 09/23/2021 Purchase   940.51 ALD 0000011159 08/19/2019 02/19/2022 Books